[Event "Deutsche Ländermeisterschaft 2023"]
[Site "Hannover GER"]
[Date "2023.10.04"]
[Round "6"]
[White "Müller, Riyanna"]
[Black "Uyar, Levin"]
[Result "0-1"]
[Termination "normal"]
[Board "4.5"]
[WhiteElo "1778"]
[BlackElo "1720"]
[WhiteClock "00:29:18"]
[BlackClock "00:27:17"]
[WhiteTeam "Rheinland-Pfalz"]
[BlackTeam "Baden"]
[PlyCount "84"]
[WhiteFideId "16287401"]
[BlackFideId "16282108"]
[EventCountry "GER"]
[EventRounds "7"]
[EventType "team-swiss"]
[EventDate "2023.09.30"]

1. e4 {[%clk 01:30:57]} {[%emt 00:00:02]} e5 {[%clk 01:30:55]} {[%emt
00:00:05]} 2. Nf3 {[%clk 01:31:19]} {[%emt 00:00:09]} Nc6 {[%clk 01:31:19]}
{[%emt 00:00:06]} 3. Bc4 {[%clk 01:31:43]} {[%emt 00:00:06]} Bc5 {[%clk
01:31:05]} {[%emt 00:00:43]} 4. d3 {[%clk 01:32:05]} {[%emt 00:00:09]} Nf6
{[%clk 01:31:09]} {[%emt 00:00:26]} 5. c3 {[%clk 01:32:20]} {[%emt 00:00:15]}
d6 {[%clk 01:31:05]} {[%emt 00:00:34]} 6. O-O {[%clk 01:32:13]} {[%emt
00:00:38]} a6 {[%clk 01:31:06]} {[%emt 00:00:28]} 7. Bb3 {[%clk 01:32:00]}
{[%emt 00:00:44]} Ba7 {[%clk 01:30:13]} {[%emt 00:01:22]} 8. Nbd2 {[%clk
01:31:50]} {[%emt 00:00:41]} O-O {[%clk 01:30:28]} {[%emt 00:00:15]} 9. h3
{[%clk 01:31:38]} {[%emt 00:00:42]} Ne7 {[%clk 01:30:14]} {[%emt 00:00:43]} 10.
Re1 {[%clk 01:31:25]} {[%emt 00:00:44]} Ng6 {[%clk 01:29:57]} {[%emt 00:00:47]}
11. Nf1 {[%clk 01:31:24]} {[%emt 00:00:31]} h6 {[%clk 01:17:21]} {[%emt
00:13:07]} 12. Ng3 {[%clk 01:29:43]} {[%emt 00:02:11]} Be6 {[%clk 01:16:58]}
{[%emt 00:00:52]} 13. Bc2 {[%clk 01:27:36]} {[%emt 00:02:37]} c6 {[%clk
01:00:40]} {[%emt 00:16:48]} 14. d4 {[%clk 01:22:31]} {[%emt 00:05:35]} Qd7
{[%clk 00:57:31]} {[%emt 00:03:38]} 15. Be3 {[%clk 01:19:25]} {[%emt 00:03:36]}
Rfd8 {[%clk 00:47:53]} {[%emt 00:10:09]} 16. Qe2 {[%clk 00:57:30]} {[%emt
00:22:25]} Qc7 {[%clk 00:44:27]} {[%emt 00:03:55]} 17. Rad1 {[%clk 00:56:38]}
{[%emt 00:01:23]} b5 {[%clk 00:31:00]} {[%emt 00:13:58]} 18. Rd2 {[%clk
00:37:53]} {[%emt 00:19:14]} c5 {[%clk 00:22:11]} {[%emt 00:09:19]} 19. Red1
{[%clk 00:24:49]} {[%emt 00:13:34]} Rab8 {[%clk 00:13:19]} {[%emt 00:09:23]}
20. a3 {[%clk 00:18:46]} {[%emt 00:06:33]} Rdc8 {[%clk 00:09:08]} {[%emt
00:04:41]} 21. dxe5 {[%clk 00:11:18]} {[%emt 00:07:59]} dxe5 {[%clk 00:09:12]}
{[%emt 00:00:26]} 22. Nf5 {[%clk 00:07:21]} {[%emt 00:04:27]} Bxf5 {[%clk
00:08:01]} {[%emt 00:01:41]} 23. exf5 {[%clk 00:07:46]} {[%emt 00:00:04]} Ne7
{[%clk 00:08:02]} {[%emt 00:00:28]} 24. Rd6 {[%clk 00:05:05]} {[%emt 00:03:11]}
Rb6 {[%clk 00:08:01]} {[%emt 00:00:31]} 25. Rxb6 {[%clk 00:05:20]} {[%emt
00:00:15]} Bxb6 {[%clk 00:08:18]} {[%emt 00:00:13]} 26. c4 {[%clk 00:01:39]}
{[%emt 00:04:12]} e4 {[%clk 00:06:32]} {[%emt 00:02:16]} 27. Nh4 {[%clk
00:02:00]} {[%emt 00:00:07]} Qe5 {[%clk 00:04:33]} {[%emt 00:02:30]} 28. cxb5
{[%clk 00:01:41]} {[%emt 00:00:49]} Qxb2 {[%clk 00:03:18]} {[%emt 00:01:44]}
29. bxa6 {[%clk 00:01:55]} {[%emt 00:00:18]} Qxa3 {[%clk 00:03:14]} {[%emt
00:00:33]} 30. Rb1 {[%clk 00:01:13]} {[%emt 00:01:12]} Ned5 {[%clk 00:03:17]}
{[%emt 00:00:27]} 31. Bd2 {[%clk 00:01:09]} {[%emt 00:00:34]} Ra8 {[%clk
00:03:08]} {[%emt 00:00:38]} 32. Kh1 {[%clk 00:00:51]} {[%emt 00:00:49]} Qxa6
{[%clk 00:03:10]} {[%emt 00:00:27]} 33. Qe1 {[%clk 00:01:00]} {[%emt 00:00:21]}
c4 {[%clk 00:02:09]} {[%emt 00:01:31]} 34. Bxe4 {[%clk 00:00:50]} {[%emt
00:00:41]} Re8 {[%clk 00:01:52]} {[%emt 00:00:47]} 35. f3 {[%clk 00:01:12]}
{[%emt 00:00:07]} Bd4 {[%clk 00:01:55]} {[%emt 00:00:27]} 36. Qc1 {[%clk
00:00:54]} {[%emt 00:00:49]} Nxe4 {[%clk 00:01:55]} {[%emt 00:00:29]} 37. fxe4
{[%clk 00:01:19]} {[%emt 00:00:05]} Rxe4 {[%clk 00:02:05]} {[%emt 00:00:20]}
38. Nf3 {[%clk 00:01:45]} {[%emt 00:00:03]} c3 {[%clk 00:01:43]} {[%emt
00:00:52]} 39. Nxd4 {[%clk 00:01:26]} {[%emt 00:00:49]} Rxd4 {[%clk 00:02:06]}
{[%emt 00:00:07]} 40. Be1 {[%clk 00:01:18]} {[%emt 00:00:38]} Qf1+ {[%clk
00:02:12]} {[%emt 00:00:24]} 41. Kh2 {[%clk 00:01:33]} {[%emt 00:00:15]} Nf4
{[%clk 00:27:57]} {[%emt 00:04:45]} 42. Qc2 {[%clk 00:29:18]} {[%emt 00:02:46]}
Rd2 {[%clk 00:27:17]} {[%emt 00:01:10]} 0-1

[Event "Deutsche Ländermeisterschaft 2023"]
[Site "Hannover GER"]
[Date "2023.10.04"]
[Round "6"]
[White "Fischer, Darja"]
[Black "Keymer, Cecilia"]
[Result "0-1"]
[Termination "normal"]
[Board "4.6"]
[WhiteElo "1818"]
[BlackElo "1779"]
[WhiteClock "00:33:34"]
[BlackClock "00:07:03"]
[WhiteTeam "Baden"]
[BlackTeam "Rheinland-Pfalz"]
[PlyCount "100"]
[WhiteFideId "16240898"]
[BlackFideId "16233468"]
[EventCountry "GER"]
[EventRounds "7"]
[EventType "team-swiss"]
[EventDate "2023.09.30"]

1. d4 {[%clk 01:30:59]} d5 {[%clk 01:30:56]} {[%emt 00:00:05]} 2. c4 {[%clk
01:31:25]} {[%emt 00:00:03]} c6 {[%clk 01:31:22]} {[%emt 00:00:04]} 3. cxd5
{[%clk 01:31:52]} {[%emt 00:00:04]} cxd5 {[%clk 01:31:44]} {[%emt 00:00:08]} 4.
Bf4 {[%clk 01:32:17]} {[%emt 00:00:05]} Nc6 {[%clk 01:30:50]} {[%emt 00:01:24]}
5. e3 {[%clk 01:32:38]} {[%emt 00:00:08]} a6 {[%clk 01:29:33]} {[%emt
00:01:47]} 6. Nc3 {[%clk 01:32:24]} {[%emt 00:00:44]} Nf6 {[%clk 01:27:30]}
{[%emt 00:02:33]} 7. Bd3 {[%clk 01:32:08]} {[%emt 00:00:47]} Bg4 {[%clk
01:22:20]} {[%emt 00:05:39]} 8. Nge2 {[%clk 01:30:48]} {[%emt 00:01:49]} e6
{[%clk 01:20:54]} {[%emt 00:01:57]} 9. O-O {[%clk 01:30:53]} {[%emt 00:00:25]}
Bd6 {[%clk 01:18:29]} {[%emt 00:02:55]} 10. Bxd6 {[%clk 01:29:59]} {[%emt
00:01:24]} Qxd6 {[%clk 01:17:47]} {[%emt 00:01:12]} 11. Rc1 {[%clk 01:27:02]}
{[%emt 00:03:27]} O-O {[%clk 01:16:03]} {[%emt 00:02:14]} 12. f3 {[%clk
01:25:27]} {[%emt 00:02:05]} Bh5 {[%clk 01:13:55]} {[%emt 00:02:38]} 13. Nf4
{[%clk 01:22:15]} {[%emt 00:03:43]} Bg6 {[%clk 01:12:16]} {[%emt 00:02:09]} 14.
Nxg6 {[%clk 01:19:42]} {[%emt 00:03:03]} hxg6 {[%clk 01:12:35]} {[%emt
00:00:11]} 15. f4 {[%clk 01:15:05]} {[%emt 00:05:08]} Qe7 {[%clk 01:02:22]}
{[%emt 00:10:43]} 16. a3 {[%clk 01:09:27]} {[%emt 00:06:08]} Rac8 {[%clk
01:01:08]} {[%emt 00:01:43]} 17. Nb1 {[%clk 01:04:50]} {[%emt 00:05:07]} Rc7
{[%clk 00:57:26]} {[%emt 00:04:12]} 18. Rf2 {[%clk 01:03:42]} {[%emt 00:01:38]}
Rfc8 {[%clk 00:55:37]} {[%emt 00:02:18]} 19. Rfc2 {[%clk 01:03:34]} {[%emt
00:00:38]} Na5 {[%clk 00:52:16]} {[%emt 00:03:51]} 20. Nd2 {[%clk 01:03:03]}
{[%emt 00:01:00]} b5 {[%clk 00:49:00]} {[%emt 00:03:46]} 21. Rxc7 {[%clk
00:57:40]} {[%emt 00:05:54]} Rxc7 {[%clk 00:49:22]} {[%emt 00:00:08]} 22. Rxc7
{[%clk 00:58:01]} {[%emt 00:00:08]} Qxc7 {[%clk 00:49:44]} {[%emt 00:00:08]}
23. h3 {[%clk 00:54:09]} {[%emt 00:04:23]} Nc4 {[%clk 00:47:18]} {[%emt
00:02:55]} 24. Qc1 {[%clk 00:53:57]} {[%emt 00:00:42]} Qd6 {[%clk 00:43:24]}
{[%emt 00:04:24]} 25. Kf2 {[%clk 00:48:40]} {[%emt 00:05:47]} Nd7 {[%clk
00:39:37]} {[%emt 00:04:18]} 26. Nb3 {[%clk 00:46:15]} {[%emt 00:02:55]} Qe7
{[%clk 00:32:24]} {[%emt 00:07:43]} 27. g3 {[%clk 00:43:50]} {[%emt 00:02:56]}
g5 {[%clk 00:28:34]} {[%emt 00:04:20]} 28. Bxc4 {[%clk 00:41:39]} {[%emt
00:02:41]} dxc4 {[%clk 00:27:21]} {[%emt 00:01:43]} 29. Nd2 {[%clk 00:40:32]}
{[%emt 00:01:37]} gxf4 {[%clk 00:24:49]} {[%emt 00:03:02]} 30. gxf4 {[%clk
00:41:00]} {[%emt 00:00:02]} Nb6 {[%clk 00:20:40]} {[%emt 00:04:39]} 31. Nf3
{[%clk 00:38:26]} {[%emt 00:03:05]} Nd5 {[%clk 00:16:10]} {[%emt 00:05:00]} 32.
Ng5 {[%clk 00:34:42]} {[%emt 00:04:13]} Qc7 {[%clk 00:12:40]} {[%emt 00:04:00]}
33. Qc2 {[%clk 00:34:25]} {[%emt 00:00:47]} Nf6 {[%clk 00:10:11]} {[%emt
00:02:59]} 34. Qc3 {[%clk 00:33:03]} {[%emt 00:01:52]} Qd6 {[%clk 00:08:16]}
{[%emt 00:02:24]} 35. Qc2 {[%clk 00:28:27]} {[%emt 00:05:07]} g6 {[%clk
00:07:19]} {[%emt 00:01:28]} 36. Qd2 {[%clk 00:25:45]} {[%emt 00:03:11]} Qc6
{[%clk 00:04:27]} {[%emt 00:03:21]} 37. Qc1 {[%clk 00:20:01]} {[%emt 00:06:15]}
Ne4+ {[%clk 00:03:10]} {[%emt 00:01:47]} 38. Nxe4 {[%clk 00:20:25]} {[%emt
00:00:05]} Qxe4 {[%clk 00:03:38]} {[%emt 00:00:03]} 39. Qc3 {[%clk 00:18:43]}
{[%emt 00:02:12]} Qh1 {[%clk 00:02:00]} {[%emt 00:02:07]} 40. Kg3 {[%clk
00:18:53]} {[%emt 00:00:20]} Qg1+ {[%clk 00:01:10]} {[%emt 00:01:20]} 41. Kf3
{[%clk 00:18:09]} {[%emt 00:01:14]} Qh2 {[%clk 00:28:10]} {[%emt 00:03:29]} 42.
Kg4 {[%clk 00:46:50]} {[%emt 00:01:49]} Qg2+ {[%clk 00:18:05]} {[%emt
00:10:35]} 43. Kh4 {[%clk 00:47:14]} {[%emt 00:00:06]} Kh7 {[%clk 00:13:12]}
{[%emt 00:05:23]} 44. Qb4 {[%clk 00:36:31]} {[%emt 00:11:14]} Qf2+ {[%clk
00:11:10]} {[%emt 00:02:31]} 45. Kg4 {[%clk 00:36:11]} {[%emt 00:00:50]} Kg7
{[%clk 00:09:53]} {[%emt 00:01:47]} 46. Qe7 {[%clk 00:34:38]} {[%emt 00:02:03]}
Qxe3 {[%clk 00:08:45]} {[%emt 00:01:38]} 47. d5 {[%clk 00:34:03]} {[%emt
00:01:06]} Qe2+ {[%clk 00:06:42]} {[%emt 00:02:31]} 48. Kh4 {[%clk 00:32:58]}
{[%emt 00:01:36]} Qe1+ {[%clk 00:06:47]} {[%emt 00:00:26]} 49. Kg4 {[%clk
00:33:11]} {[%emt 00:00:16]} Qd1+ {[%clk 00:06:56]} {[%emt 00:00:21]} 50. Kg3
{[%clk 00:33:34]} {[%emt 00:00:07]} Qxd5 {[%clk 00:07:03]} {[%emt 00:00:24]}
0-1

[Event "Deutsche Ländermeisterschaft 2023"]
[Site "Hannover GER"]
[Date "2023.10.04"]
[Round "6"]
[White "Vranckx, Oscar"]
[Black "Kateryniuk, Ivan"]
[Result "0-1"]
[Termination "normal"]
[Board "4.7"]
[WhiteElo "1663"]
[BlackElo "1561"]
[WhiteClock "01:22:24"]
[BlackClock "00:14:14"]
[WhiteTeam "Rheinland-Pfalz"]
[BlackTeam "Baden"]
[PlyCount "86"]
[WhiteFideId "34608788"]
[BlackFideId "34138943"]
[EventCountry "GER"]
[EventRounds "7"]
[EventType "team-swiss"]
[EventDate "2023.09.30"]

1. e4 {[%clk 01:30:59]} e5 {[%clk 01:30:52]} {[%emt 00:00:07]} 2. Bc4 {[%clk
01:31:26]} {[%emt 00:00:04]} Nf6 {[%clk 01:31:06]} {[%emt 00:00:17]} 3. d3
{[%clk 01:31:52]} {[%emt 00:00:04]} h6 {[%clk 01:31:06]} {[%emt 00:00:29]} 4.
Nf3 {[%clk 01:32:16]} {[%emt 00:00:06]} Nc6 {[%clk 01:31:30]} {[%emt 00:00:06]}
5. Nbd2 {[%clk 01:32:10]} {[%emt 00:00:37]} Bc5 {[%clk 01:31:30]} {[%emt
00:00:28]} 6. c3 {[%clk 01:32:25]} {[%emt 00:00:16]} a5 {[%clk 01:31:07]}
{[%emt 00:00:53]} 7. O-O {[%clk 01:32:25]} {[%emt 00:00:30]} O-O {[%clk
01:31:20]} {[%emt 00:00:17]} 8. h3 {[%clk 01:32:44]} {[%emt 00:00:11]} d6
{[%clk 01:31:33]} {[%emt 00:00:16]} 9. Re1 {[%clk 01:33:06]} {[%emt 00:00:09]}
Be6 {[%clk 01:30:53]} {[%emt 00:01:10]} 10. Bxe6 {[%clk 01:33:28]} {[%emt
00:00:08]} fxe6 {[%clk 01:31:19]} {[%emt 00:00:03]} 11. Nf1 {[%clk 01:33:39]}
{[%emt 00:00:19]} d5 {[%clk 01:24:41]} {[%emt 00:07:09]} 12. exd5 {[%clk
01:33:49]} {[%emt 00:00:20]} exd5 {[%clk 01:25:05]} {[%emt 00:00:06]} 13. d4
{[%clk 01:33:50]} {[%emt 00:00:30]} exd4 {[%clk 01:25:15]} {[%emt 00:00:19]}
14. cxd4 {[%clk 01:34:15]} {[%emt 00:00:05]} Bb6 {[%clk 01:24:40]} {[%emt
00:01:03]} 15. Ng3 {[%clk 01:34:09]} {[%emt 00:00:38]} Qd7 {[%clk 01:19:50]}
{[%emt 00:05:19]} 16. Be3 {[%clk 01:33:32]} {[%emt 00:01:09]} Rae8 {[%clk
01:17:38]} {[%emt 00:02:40]} 17. a3 {[%clk 01:31:30]} {[%emt 00:02:33]} Ne4
{[%clk 01:14:13]} {[%emt 00:03:55]} 18. Ne2 {[%clk 01:30:51]} {[%emt 00:01:09]}
Ne7 {[%clk 01:00:46]} {[%emt 00:13:57]} 19. Ne5 {[%clk 01:31:03]} {[%emt
00:00:18]} Qf5 {[%clk 00:58:19]} {[%emt 00:02:53]} 20. f3 {[%clk 01:30:51]}
{[%emt 00:00:46]} Ng5 {[%clk 00:54:53]} {[%emt 00:03:55]} 21. h4 {[%clk
01:29:43]} {[%emt 00:01:40]} Ne6 {[%clk 00:24:38]} {[%emt 00:30:44]} 22. Ng3
{[%clk 01:27:47]} {[%emt 00:02:25]} Qf6 {[%clk 00:24:27]} {[%emt 00:00:38]} 23.
Nd7 {[%clk 01:25:29]} {[%emt 00:02:51]} Qxh4 {[%clk 00:24:43]} {[%emt
00:00:14]} 24. Nxf8 {[%clk 01:25:53]} {[%emt 00:00:05]} Rxf8 {[%clk 00:22:00]}
{[%emt 00:03:13]} 25. Bf2 {[%clk 01:26:17]} {[%emt 00:00:07]} Nxd4 {[%clk
00:16:48]} {[%emt 00:05:41]} 26. Nf5 {[%clk 01:26:03]} {[%emt 00:00:43]} Nxf3+
{[%clk 00:13:24]} {[%emt 00:03:56]} 27. Qxf3 {[%clk 01:26:28]} {[%emt
00:00:05]} Rxf5 {[%clk 00:13:42]} {[%emt 00:00:12]} 28. g3 {[%clk 01:24:37]}
{[%emt 00:02:21]} Qg5 {[%clk 00:12:15]} {[%emt 00:01:55]} 29. Re3 {[%clk
01:18:39]} {[%emt 00:06:29]} Rxf3 {[%clk 00:12:16]} {[%emt 00:00:29]} 30. Rxf3
{[%clk 01:19:03]} {[%emt 00:00:05]} Bxf2+ {[%clk 00:12:05]} {[%emt 00:00:40]}
31. Rxf2 {[%clk 01:19:32]} {[%emt 00:00:03]} Qxg3+ {[%clk 00:12:24]} {[%emt
00:00:11]} 32. Rg2 {[%clk 01:19:49]} {[%emt 00:00:13]} Qe3+ {[%clk 00:12:48]}
{[%emt 00:00:05]} 33. Kh2 {[%clk 01:20:16]} {[%emt 00:00:03]} Nf5 {[%clk
00:12:40]} {[%emt 00:00:36]} 34. Rf1 {[%clk 01:20:06]} {[%emt 00:00:42]} Qe5+
{[%clk 00:12:36]} {[%emt 00:00:32]} 35. Kg1 {[%clk 01:19:52]} {[%emt 00:00:46]}
Ne3 {[%clk 00:12:15]} {[%emt 00:00:49]} 36. b4 {[%clk 01:20:02]} {[%emt
00:00:22]} Nxg2 {[%clk 00:12:24]} {[%emt 00:00:22]} 37. Kxg2 {[%clk 01:20:27]}
{[%emt 00:00:04]} Qb2+ {[%clk 00:12:32]} {[%emt 00:00:14]} 38. Kg1 {[%clk
01:20:51]} {[%emt 00:00:14]} Qxa3 {[%clk 00:12:54]} {[%emt 00:00:08]} 39. bxa5
{[%clk 01:21:14]} {[%emt 00:00:07]} Qxa5 {[%clk 00:13:18]} {[%emt 00:00:06]}
40. Kh1 {[%clk 01:21:40]} {[%emt 00:00:04]} Qb4 {[%clk 00:13:21]} {[%emt
00:00:26]} 41. Rf2 {[%clk 01:21:30]} {[%emt 00:00:41]} Qe1+ {[%clk 00:13:31]}
{[%emt 00:00:19]} 42. Kg2 {[%clk 01:21:57]} {[%emt 00:00:04]} Qxf2+ {[%clk
00:13:55]} {[%emt 00:00:06]} 43. Kh1 {[%clk 01:22:24]} {[%emt 00:00:03]} Qf1+
{[%clk 00:14:14]} {[%emt 00:00:10]} 0-1

[Event "Deutsche Ländermeisterschaft 2023"]
[Site "Hannover GER"]
[Date "2023.10.04"]
[Round "6"]
[White "Rafikova, Ailin"]
[Black "Mader, Theresa"]
[Result "1/2-1/2"]
[Termination "normal"]
[Board "4.8"]
[WhiteElo "1359"]
[BlackElo "1284"]
[WhiteClock "00:12:41"]
[BlackClock "00:28:13"]
[WhiteTeam "Baden"]
[BlackTeam "Rheinland-Pfalz"]
[PlyCount "90"]
[WhiteFideId "34612173"]
[BlackFideId "34605657"]
[EventCountry "GER"]
[EventRounds "7"]
[EventType "team-swiss"]
[EventDate "2023.09.30"]

1. e4 {[%clk 01:30:55]} {[%emt 00:00:04]} c6 {[%clk 01:30:51]} {[%emt
00:00:10]} 2. d4 {[%clk 01:31:00]} {[%emt 00:00:24]} d5 {[%clk 01:31:12]}
{[%emt 00:00:10]} 3. Nd2 {[%clk 01:31:06]} {[%emt 00:00:23]} dxe4 {[%clk
01:31:31]} {[%emt 00:00:11]} 4. Nxe4 {[%clk 01:31:16]} {[%emt 00:00:19]} Bf5
{[%clk 01:31:47]} {[%emt 00:00:15]} 5. Ng3 {[%clk 01:31:05]} {[%emt 00:00:40]}
Bg6 {[%clk 01:32:08]} {[%emt 00:00:10]} 6. h4 {[%clk 01:30:36]} {[%emt
00:00:58]} h6 {[%clk 01:32:29]} {[%emt 00:00:10]} 7. h5 {[%clk 01:29:50]}
{[%emt 00:01:15]} Bh7 {[%clk 01:32:45]} {[%emt 00:00:14]} 8. Nf3 {[%clk
01:27:45]} {[%emt 00:02:35]} Nd7 {[%clk 01:32:37]} {[%emt 00:00:39]} 9. Bd3
{[%clk 01:26:50]} {[%emt 00:01:24]} Bxd3 {[%clk 01:32:53]} {[%emt 00:00:14]}
10. Qxd3 {[%clk 01:26:17]} {[%emt 00:01:03]} Ngf6 {[%clk 01:32:36]} {[%emt
00:00:47]} 11. Ne4 {[%clk 01:20:00]} {[%emt 00:06:46]} Nxe4 {[%clk 01:31:40]}
{[%emt 00:01:27]} 12. Qxe4 {[%clk 01:20:02]} {[%emt 00:00:28]} Nf6 {[%clk
01:31:27]} {[%emt 00:00:44]} 13. Qe2 {[%clk 01:15:17]} {[%emt 00:05:14]} e6
{[%clk 01:30:53]} {[%emt 00:01:05]} 14. Bf4 {[%clk 01:13:24]} {[%emt 00:02:22]}
Qa5+ {[%clk 01:29:32]} {[%emt 00:01:51]} 15. Bd2 {[%clk 01:09:32]} {[%emt
00:04:21]} Qc7 {[%clk 01:29:31]} {[%emt 00:00:32]} 16. c4 {[%clk 01:06:41]}
{[%emt 00:03:20]} Qb6 {[%clk 01:23:36]} {[%emt 00:06:26]} 17. Bc3 {[%clk
01:02:38]} {[%emt 00:04:32]} Rd8 {[%clk 01:14:26]} {[%emt 00:09:40]} 18. O-O-O
{[%clk 00:55:39]} {[%emt 00:07:29]} Qa6 {[%clk 01:06:39]} {[%emt 00:08:18]} 19.
Kb1 {[%clk 00:52:42]} {[%emt 00:03:27]} Be7 {[%clk 01:03:41]} {[%emt 00:03:28]}
20. Ne5 {[%clk 00:49:23]} {[%emt 00:03:48]} Nd5 {[%clk 00:56:16]} {[%emt
00:07:56]} 21. Bd2 {[%clk 00:33:44]} {[%emt 00:16:08]} Bf6 {[%clk 00:49:57]}
{[%emt 00:06:49]} 22. Rc1 {[%clk 00:28:02]} {[%emt 00:06:12]} Ne7 {[%clk
00:46:03]} {[%emt 00:04:25]} 23. Bc3 {[%clk 00:24:26]} {[%emt 00:04:05]} Nd5
{[%clk 00:43:14]} {[%emt 00:03:19]} 24. Rhd1 {[%clk 00:20:38]} {[%emt
00:04:18]} Rc8 {[%clk 00:26:02]} {[%emt 00:17:42]} 25. Qd3 {[%clk 00:17:51]}
{[%emt 00:03:17]} Nxc3+ {[%clk 00:24:23]} {[%emt 00:02:09]} 26. Rxc3 {[%clk
00:16:15]} {[%emt 00:02:05]} Rd8 {[%clk 00:23:33]} {[%emt 00:01:21]} 27. Qe4
{[%clk 00:14:27]} {[%emt 00:02:17]} Qb6 {[%clk 00:22:34]} {[%emt 00:01:30]} 28.
Rb3 {[%clk 00:12:18]} {[%emt 00:02:39]} Qc7 {[%clk 00:22:20]} {[%emt 00:00:44]}
29. f4 {[%clk 00:11:35]} {[%emt 00:01:12]} O-O {[%clk 00:20:51]} {[%emt
00:01:59]} 30. g4 {[%clk 00:10:40]} {[%emt 00:01:25]} Bxe5 {[%clk 00:20:22]}
{[%emt 00:00:59]} 31. fxe5 {[%clk 00:10:34]} {[%emt 00:00:36]} Qe7 {[%clk
00:19:23]} {[%emt 00:01:29]} 32. Rg1 {[%clk 00:09:31]} {[%emt 00:01:32]} Rd7
{[%clk 00:18:40]} {[%emt 00:01:14]} 33. Qf4 {[%clk 00:06:37]} {[%emt 00:03:22]}
Qg5 {[%clk 00:17:51]} {[%emt 00:01:20]} 34. Qf2 {[%clk 00:05:35]} {[%emt
00:01:32]} Rb8 {[%clk 00:16:52]} {[%emt 00:01:29]} 35. Rf3 {[%clk 00:04:03]}
{[%emt 00:02:02]} Rf8 {[%clk 00:16:34]} {[%emt 00:00:48]} 36. Rg2 {[%clk
00:03:22]} {[%emt 00:01:10]} Rc8 {[%clk 00:13:38]} {[%emt 00:03:26]} 37. Ra3
{[%clk 00:02:42]} {[%emt 00:01:10]} Ra8 {[%clk 00:13:17]} {[%emt 00:00:52]} 38.
Rd3 {[%clk 00:02:26]} {[%emt 00:00:46]} Rad8 {[%clk 00:12:49]} {[%emt
00:00:58]} 39. b3 {[%clk 00:01:39]} {[%emt 00:01:16]} b6 {[%clk 00:11:56]}
{[%emt 00:01:24]} 40. Qf3 {[%clk 00:00:57]} {[%emt 00:01:11]} c5 {[%clk
00:10:45]} {[%emt 00:01:42]} 41. Rf2 {[%clk 00:22:30]} {[%emt 00:08:55]} Qe7
{[%clk 00:38:50]} {[%emt 00:02:27]} 42. d5 {[%clk 00:15:38]} {[%emt 00:07:21]}
exd5 {[%clk 00:34:39]} {[%emt 00:04:41]} 43. Rxd5 {[%clk 00:14:01]} {[%emt
00:02:06]} Rxd5 {[%clk 00:34:12]} {[%emt 00:00:57]} 44. cxd5 {[%clk 00:13:51]}
{[%emt 00:00:40]} Rd7 {[%clk 00:33:28]} {[%emt 00:01:15]} 45. Qe4 {[%clk
00:12:41]} {[%emt 00:01:39]} Qd8 {[%clk 00:28:13]} {[%emt 00:05:46]} 1/2-1/2